000 00415nam a2200133Ia 4500
008 100328s9999 xx 000 0 und d
082 _b12971
100 _a---
245 _aअसून अडचण नसून खोळंबा
260 _b---
630 _aअसून अडचण नसून खोळंबा
730 _aअसून अडचण नसून खोळंबा
942 _cBOOK
999 _c508197
_d508194